Logistika internetového obchodu diplomová práca

Saved in:
Bibliographic Details
Main Author: Mihálová, Nikola
Corporate Author: Fakulta podnikového manažmentu EU. Katedra manažmentu výroby a logistiky - zrušená
Other Authors: Richnák, Patrik, 1988-
Format: Book
Language:Slovak
Published: Bratislava 2022
Tags: Add Tag
No Tags, Be the first to tag this record!

MARC

LEADER 00000nbm a2200000 4500
001 0285477
005 20230331085457.0
041 0 |a slo 
044 |a SK 
245 1 0 |a Logistika internetového obchodu  |b diplomová práca  |c Nikola Mihálová ; školiteľ: Patrik Richnák 
264 1 |a Bratislava  |c 2022 
300 |a 87 s. 
100 1 |a Mihálová, Nikola 
700 1 |a Richnák, Patrik, 1988- 
710 2 |a Fakulta podnikového manažmentu EU. Katedra manažmentu výroby a logistiky - zrušená